000
00267nam a22001217a 4500
008
170718b xxu||||| |||| 00| 0 eng d
041
_a
eng
080
_a
2
100
_a
24
101
_a
TEO
245
_a
fragmente nga jeta e sahabeve
_c
BASHA, A.R
942
_2
udc
_c
BK
999
_c
21455
_d
21455